The taxation of personal wealth / (Registro nro. 7665)

Detalles MARC
000 -LEADER
fixed length control field 01340nam a2200229Ia 4500
003 - CONTROL NUMBER IDENTIFIER
control field OSt
005 - DATE AND TIME OF LATEST TRANSACTION
control field 20210525093803.0
008 - FIXED-LENGTH DATA ELEMENTS--GENERAL INFORMATION
fixed length control field 210310s1967 eu gr 000 0deng d
040 ## - CATALOGING SOURCE
Original cataloging agency CO-JMCR
Transcribing agency CO-JMCR
041 0# - LANGUAGE CODE
Language code of text/sound track or separate title eng
082 04 - DEWEY DECIMAL CLASSIFICATION NUMBER
Classification number 336.202 /
Item number T135t
Edition number 23
100 1# - MAIN ENTRY--PERSONAL NAME
Personal name Tait, Alan A.,
9 (RLIN) 15093
Relator term autor
245 14 - TITLE STATEMENT
Title The taxation of personal wealth /
Statement of responsibility, etc. Alan A. Tait
260 ## - PUBLICATION, DISTRIBUTION, ETC.
Place of publication, distribution, etc. Urbana :
Name of publisher, distributor, etc. University of Illinois Press,
Date of publication, distribution, etc. 1967
300 ## - PHYSICAL DESCRIPTION
Other physical details 238 páginas ;
Dimensions 24 cm.
500 ## - GENERAL NOTE
General note Incluye datos biográficos del autor y notas a pie de página.
504 ## - BIBLIOGRAPHY, ETC. NOTE
Bibliography, etc. note Bibliografía: páginas 216-230
505 0# - FORMATTED CONTENTS NOTE
Formatted contents note Personal wealth and Its Present Distribution -- The Basis of the Existing Distribution of Wealth -- The Future Distribution of Wealth: Factor Payments -- The Flow of Factor Payments Continued: Technology, Saving, and Price Changes -- Form of Wealth Taxes and Considerations of Renenue -- Changes in the Structure of Personal Wealth Taxation: Capital Levies -- Changes in the Structure of personal Wealth Taxation: Net Worth Taxation -- Wealth Transfer Taxation: The Estate Duty -- Wealth Tranfer Taxation: Legacy Duty, Consanguinity Duties, and the Circumstance of the Legatee -- Wealth Transfer Taxation: The Rignano Proposals
650 14 - SUBJECT ADDED ENTRY--TOPICAL TERM
Topical term or geographic name entry element Impuestos
9 (RLIN) 15095
Geographic subdivision Estados Unidos
650 24 - SUBJECT ADDED ENTRY--TOPICAL TERM
Topical term or geographic name entry element Riqueza personal
9 (RLIN) 37851
942 ## - ADDED ENTRY ELEMENTS (KOHA)
Source of classification or shelving scheme Dewey Decimal Classification
Koha item type Books
Existencias
Withdrawn status Lost status Source of classification or shelving scheme Damaged status Not for loan Collection code Home library Current library Date acquired Source of acquisition Full call number Barcode Date last seen Copy number Koha item type
    Dewey Decimal Classification     Non-fiction Biblioteca Pública José María del Castillo y Rada Biblioteca Pública José María del Castillo y Rada 04/15/2018 Donación 336.202 / T135t 430003443 05/16/2024 Ej.1 Books